El hambriento

Sábháilte in:
Sonraí bibleagrafaíochta
Príomhchruthaitheoirí: Rengifo, Ramón (Údar), Rengifo, Manuel (Údar), Gandarillas, Manuel José (Údar), Portales y Palazuelos, Diego, 1793-1837 (Údar)
Formáid: LEABHAR
Teanga:Spáinnis
Foilsithe / Cruthaithe: Santiago Imprenta de R. Rengifo 1828
Eagrán:1a. ed
Ábhair:
Clibeanna: Cuir clib leis
Níl clibeanna ann, Bí ar an gcéad duine le clib a chur leis an taifead seo!

MARC

LEADER 00000nam a2200000 a 4500
001 UCJ8423
003 CL-VaPUC
008 070124e18280308CL |||||||||||||||||spa|d
082 0 4 |a 983  |b ELH  |2 21 
100 0 |a Rengifo, Ramón  |e author  |9 508633 
700 0 |a Rengifo, Manuel  |e author  |9 328821 
700 0 |a Gandarillas, Manuel José  |e author  |9 508727 
700 |a Portales y Palazuelos, Diego,  |d 1793-1837  |e author  |9 255516 
245 1 3 |a El hambriento 
246 1 0 |a Papel público sin período, sin literatura, impolítico, pero provechoso y chusco 
246 1 0 |a Necesitas caret lege 
246 1 0 |a Versión gramatical: la necesidad tiene cara de hereje 
250 |a 1a. ed 
300 |a pág. irreg 
942 |c BK 
945 |d 20070124 00:00:00  |a rinostro 
260 |a Santiago  |b Imprenta de R. Rengifo  |c 1828 
500 |a Junto a El Mercurio y a El Araucano, fue uno de los cien periódicos que floreció en el período de los Ensayos constitucionales (1823-1830). Sus redactores, confesado por uno de ellos, fueron: Don Manuel y Ramón Rengifo, Don Manuel José Gandarillas, Don Manuel de Salas, Don Diego José Benavente, Don Victorino Garrido y Don Diego Portales, que más inspiraba que escribía. Diez números empastados en un solo volumen, correspondientes a los años 1827-1828 
500 |a En esta biblioteca se encuentran los 10 números que conformaron su corta existencia 
650 0 |a Historia de Chile  |9 265473 
650 0 |a Prensa  |9 258117 
650 0 |a Diarios   |9 420844 
650 7 |a SATIRA POLITICA  |2 CL-VaPUC  |9 330270 
650 0 |a Periodismo   |9 310113 
650 0 |a Revistas  |9 335471 
583 |a last modification  |c 20070124 00:00:00  |k Rodrigo Vera 
999 |c 324145  |d 324143 
952 |0 0  |1 0  |4 0  |6 983_000000000000000_ELH_1828  |7 0  |8 X  |9 404082  |a FDOBUD  |b FDOBUD  |d 2019-11-22  |i 1077732  |o 983 ELH 1828  |p 1077732  |r 2019-11-22  |w 2019-11-22  |y BK_X  |k BUD